000 00781nam a2200229Ia 4500
005 20241129110124.0
008 241129s9999||||xx |||||||||||||| ||und||
020 _a978-1-4625-4462-2
037 _aTB
040 _aARTS
_beng
_cARTS
041 _aeng
_2eng
084 _aSN1:86 R2
_qARTS
100 _aDimeff Linda A. Ed.; Rizvi Shireen L. Ed.; Koerner Kelly Ed.
_9727295
245 0 _aDialectical behavior therapy in clinical practice: applications across disorders and settings
_cDimeff Linda A. Ed.; Rizvi Shireen L. Ed.; Koerner Kelly Ed.
250 _a2nd
260 _aNew York, USA
_bThe Guilford Press
_c2023
300 _axviii,446p.
365 _aUKP
_b37.99
650 _aPsychologyBehaviourism
942 _cTB
_hSN1:86 R2
999 _c1227389
_d1227389